Introducción al movimiento sofístico griego / (Record no. 187029)

MARC details
000 -LEADER
campo de control de longitud fija 00802nam a2200229 i 4500
001 - NÚMERO DE CONTROL
campo de control 187029
003 - IDENTIFICADOR DE NÚMERO DE CONTROL
campo de control SpMaBN
005 - FECHA Y HORA DE LA ÚLTIMA TRANSACCIÓN
campo de control 20230906222811.0
008 - DATOS DE LONGITUD FIJA--INFORMACIÓN GENERAL
campo de control de longitud fija 170403s1991 sp |||| | spa d
020 ## - NÚMERO INTERNACIONAL ESTÁNDAR DEL LIBRO
Número Internacional Estándar del Libro 84-7719-252-9
080 ## - NÚMERO DE LA CLASIFICACIÓN DECIMAL UNIVERSAL
Número de la Clasificación Decimal Universal 1(38)
100 1# - ENTRADA PRINCIPAL--NOMBRE DE PERSONA
Nombre de persona Sánchez Manzano, María Asunción.
9 (RLIN) 102748
245 10 - MENCIÓN DEL TÍTULO
Título Introducción al movimiento sofístico griego /
Mención de responsabilidad, etc. Mª Asunción Sánchez Manzano, Salvador Rus Rufino ; prólogo de Alberto Díaz Tejera.
260 ## - PUBLICACIÓN, DISTRIBUCIÓN, ETC.
Lugar de publicación, distribución, etc. León :
Nombre del editor, distribuidor, etc. Universidad, Secretariado de Publicaciones,
Fecha de publicación, distribución, etc. [1991]
300 ## - DESCRIPCIÓN FÍSICA
Extensión 194 p. ;
Dimensiones 24 cm.
504 ## - NOTA DE BIBLIOGRAFÍA, ETC.
Nota de bibliografía, etc. Bibliografía: p. 185-194.
650 07 - PUNTO DE ACCESO ADICIONAL DE MATERIA--TÉRMINO DE MATERIA
Término de materia o nombre geográfico como elemento de entrada Sofistas.
9 (RLIN) 17218
700 1# - ENTRADA AGREGADA--NOMBRE PERSONAL
Nombre de persona Rus Rufino, Salvador.
9 (RLIN) 101009
700 1# - ENTRADA AGREGADA--NOMBRE PERSONAL
Nombre de persona Díaz Tejera, Alberto.
9 (RLIN) 44434
710 2# - ENTRADA AGREGADA--NOMBRE DE ENTIDAD CORPORATIVA
Nombre de entidad corporativa o nombre de jurisdicción como elemento de entrada Universidad de León.
9 (RLIN) 7200
852 ## - LOCALIZACIÓN
Ubicación ES-MaACL
Número de control de estantería L-31350
Holdings
Estatus retirado Estado de pérdida Estado de daño No para préstamo Biblioteca de origen Biblioteca actual Ubicación en estantería Fecha de adquisición Fuente de adquisición Total de préstamos Signatura topográfica completa Código de barras Visto por última vez Precio de reemplazo Tipo de ítem Koha
        Biblioteca del Ateneo de Madrid Biblioteca del Ateneo de Madrid Depósito 2 03/04/2017     L-31350 1197313 23/02/2023 23/02/2023 Libro impreso